きんいろモザイク サブタイトル - Statistics

General Stats
  • This quiz has been taken 9 times
  • The average score is 2 of 24
Answer Stats
Hint Answer % Correct
1期1話 ふしぎの国の
67%
1期11話 どんなにきみがすきだかあててごらん
33%
2期1話 はるがきたっ
33%
2期12話 なによりとびきり好きだから
33%
1期2話 ちっちゃくたって
0%
1期3話 どんなトモダチできるかな
0%
1期4話 あめどきどきあや
0%
1期5話 おねえちゃんといっしょ
0%
1期6話 金のアリス、金のカレン
0%
1期7話 はらぺこカレン
0%
1期8話 きょうはなんの日?
0%
1期9話 ねないこだれだ
0%
1期10話 すてきな五にんぐみ
0%
1期12話 きんいろのとき
0%
2期2話 プレゼント・フォー・ユー
0%
2期3話 あなたがとってもまぶしくて
0%
2期4話 雨にもまけず
0%
2期5話 おねえちゃんとあそぼう
0%
2期6話 きになるあの子
0%
2期7話 マイ・ディア・ヒーロー
0%
2期8話 もうすぐ夏休み
0%
2期9話 とっておきの一日
0%
2期10話 海べのやくそく
0%
2期11話 ほんのすこしの長いよる
0%
No matching quizzes found
Score Distribution
Percent of People with Each Score
Percentile by Number Answered
Your Score History
You have not taken this quiz